000 00765nam a22002177a 4500
001 38689
003 BD-RjUL
005 20211209052836.0
008 160208r19851983bg ||||| |||| 00| 0 ben d
035 _a(BD-RjUL)38798
040 _aBD-RjUL
_beng
_cBD-RjUL
041 _aben
082 _a301
_bKOS 1985
100 _aকোনিগ, স্যামুয়েল
_9119371
245 _aসমাজ বিজ্ঞান /
_cস্যামুয়েল কোনিগ
260 _aঢাকা :
_bবই বিতান,
_c১৯৮৩,
_c[পুনর্মুদ্রণ ১৯৮৫]
300 _a৩৪৪ পৃ. ;
_c১৯ সেমি.
650 _aসমাজ বিজ্ঞান
_9119372
650 _aSociology
_9119373
942 _2ddc
_cBK
999 _c38689
_d38689